Proyecto Sistema de Evaluación del Rendimiento
Enregistré dans:
| Auteur principal: | |
|---|---|
| Format: | Livre |
| Langue: | espagnol |
| Publié: |
Santiago
Santillana del Pacífico
2008
|
| Sujets: | |
| Tags: |
Ajouter un tag
Pas de tags, Soyez le premier à ajouter un tag!
|
MARC
| LEADER | 00000nam a2200000 a 4500 | ||
|---|---|---|---|
| 001 | UCG1361 | ||
| 003 | CL-VaPUC | ||
| 008 | 100429e20080000CL |||||||||||||||||spa|d | ||
| 020 | |a 9789561513273 | ||
| 082 | 0 | 4 | |a 540.712 |b MOR |2 21 |
| 100 | |a Mora Cubillos, Daniel Pascual |e autor |9 544423 | ||
| 245 | 1 | 0 | |a Proyecto Sistema de Evaluación del Rendimiento |
| 246 | 1 | 0 | |a Ensayos tipo PSU, Química |
| 300 | |a 96 p | ||
| 942 | |c BK | ||
| 945 | |d 20100429 00:00:00 |a dcastane | ||
| 260 | |a Santiago |b Santillana del Pacífico |c 2008 | ||
| 650 | 0 | |a Educación |9 258661 | |
| 650 | 7 | |a PRUEBAS EDUCACIONALES |2 CL-VaPUC |9 415967 | |
| 650 | 0 | |a Química |9 259896 | |
| 650 | 0 | |a Enseñanza de la química |9 339845 | |
| 650 | 0 | |a Evaluación de la educación |9 237505 | |
| 650 | 7 | |a TESTS |2 CL-VaPUC |9 309359 | |
| 583 | |a last modification |c 20100429 00:00:00 |k Rodrigo Vera | ||
| 999 | |c 340765 |d 340763 | ||